Ley de conservación de la vida silvestre y su Reglamento (Registro nro. 5773)

Detalles MARC
000 -Cabecera
Campo de control de longitud fija 00631ata a2200253 4500
005 - Fecha y hora de la última transacción
Campo de control 20231124125059.0
008 - Elementos de longitud fija--Información general
Campo de control de longitud fija 150519b xxu||||| |||| 00| 0 spa d
041 ## - Idioma
Código de idioma
082 ## - Clasificación Decimal Dewey
Número de clasificación 333.78 C8374L
100 ## - Entrada principal--Autor personal
Nombre personal Costa Rica. Leyes, decretos, etc.
245 ## - Título propiamente dicho
Título Ley de conservación de la vida silvestre y su Reglamento
250 ## - Edición
Mención de edición 5 edición
260 ## - Pie de imprenta
Lugar de publicación, distribución, etc. Costa Rica
260 ## - Pie de imprenta
Nombre del editor, distribuidor, etc. IJSA
260 ## - Pie de imprenta
Fecha de publicación, distribución, etc. 2007
300 ## - Descripción física
Extensión 188 páginas
650 ## - Materia general
Temática (materia general) COSTA RICA
650 ## - Materia general
Temática (materia general) FAUNA
650 ## - Materia general
Temática (materia general) FORESTACIÓN
650 ## - Materia general
Temática (materia general) FAUNA SALVAJE
650 ## - Materia general
Temática (materia general) CONSERVACIÓN
650 ## - Materia general
Temática (materia general) RECURSOS NATURALES
942 ## - Punto de acceso adicional KOHA
Tipo de ítem KOHA Libro
Fuente del sistema de clasificación o colocación Dewey Decimal Classification
Existencias
Signatura completa Código de barras Tipo de ítem
333.78 C8374L 2285 Libro
333.78 C8374L 2277 Libro
333.78 C8374L 2284 Libro
333.78 C8374L 3136 Libro
333.78 C8374L 5781 Libro
333.78 C8374L 6148 Libro
333.78 C8374L 16703 Libro
333.78 C8374L 16702 Libro